000 00649nam a2200253Ia 4500
001 6815
005 20240113233942.0
007 ta
008 050702s1949 a g b000 u hin u
040 _aCotton College Assam
041 _ahin
082 _a891.4392
_bVID
100 _aMishra, Umesh.
245 0 _aVidyapati Thakur /
_cUmesh Mishra.
_hTextual Documents
250 _a1st ed. /
260 _aSl :
_bSn ,
_c1949.
300 _a194p. :
_bill. ;
_c18cm .
653 _aHindi literature-Biography
653 _aBiography-Vidyapati Thakur
653 _aGen-Hindi
942 _2ddc
_cBK
999 _c6802
_d6802